| 000 | 00571nam a2200217 a 4500 | ||
|---|---|---|---|
| 005 | 20210219153100.0 | ||
| 008 | 991125n 000 0 u | ||
| 035 | _aUPN01000076900 | ||
| 100 | _aCharles, M. | ||
| 222 | _aEDUCATIONAL TECHNOLOGY | ||
| 245 | _aEnvisioning a new system of education | ||
| 300 | _a17-23 | ||
| 362 | _a32, No. 11, 1992 | ||
| 505 | _aAbril 1993 | ||
| 653 | 0 | _aCAMBIO EDUCATIVO | |
| 653 | 0 | _aINNOVACION EDUCATIVA | |
| 653 | 0 | _aSISTEMAS DE ENSE\197ANZA | |
| 700 | _aGarfinkle, Robert J. | ||
| 904 |
_aAC _b014711 |
||
| 905 | _aArticulo | ||
| 999 |
_c67972 _d67972 |
||